| 000 | 00792nam a2200313Ia 4500 | ||
|---|---|---|---|
| 008 | 171120s9999 xx 000 0 und d | ||
| 020 | _a753408031 | ||
| 050 | _a597.9 | ||
| 050 | _bG131 1993 | ||
| 100 | _aGaff, Jackie | ||
| 245 | _aI wonder why fish grew legs : | ||
| 245 | _band other questions about prehistory / | ||
| 245 | _cby Jackie Gaff. | ||
| 260 | _aLondon : | ||
| 260 | _bKingfisher, | ||
| 260 | _c1993 | ||
| 300 | _a32 pages : | ||
| 300 | _bcolor illustrations ; | ||
| 300 | _c29cm. | ||
| 440 | _aI wonder why. | ||
| 500 | _aIncludes index. | ||
| 650 | _aPaleontology -- | ||
| 650 | _aPrehistoric animals -- | ||
| 650 | _aQuestions and answers. | ||
| 650 | _xJuvenile literature. | ||
| 650 | _xMiscellanea. | ||
| 700 | _aSeries. | ||
| 700 | _aTitle. | ||
| 999 |
_c344961 _d344961 |
||